|
|
|
|
| LEADER |
00894nas a2200241 a 4500 |
| 001 |
c000152746 |
| 003 |
CARM |
| 005 |
20020205155243.0 |
| 008 |
910813u1uuu9999nz au p 0uuua0eng d |
| 019 |
1 |
|
|a 8265595
|5 LACONCORD2021
|
| 035 |
|
|
|a (OCoLC)36542013
|5 LACONCORD2021
|
| 040 |
|
|
|a NUN:U
|c NUN:U
|
| 245 |
0 |
0 |
|a Student engineer.
|
| 260 |
0 |
1 |
|a Christchurch :
|b Engineering Society of the School of Engineering, University of Canterbury.
|
| 300 |
|
|
|a v.
|
| 650 |
|
0 |
|a Engineering
|x Periodicals.
|
| 710 |
2 |
0 |
|a University of Canterbury Engineering Society.
|
| 852 |
8 |
|
|b CARM
|h A2:AG38B0
|i B02870
|p 0124245
|f SE
|
| 866 |
|
0 |
|a 1(1948)-22(1969)
|
| 866 |
|
0 |
|a 1(1948)-22(1969)
|
| 082 |
0 |
4 |
|a 620
|2 19
|
| 999 |
f |
f |
|i fd5037f4-5ca4-5ca9-893e-99918cb66dbe
|s 1b812be1-9a43-5454-9117-2d2f45a125c4
|
| 952 |
f |
f |
|p Can circulate
|a CAVAL
|b CAVAL
|c CAVAL
|d CARM 1 Store
|e B02870
|f A2:AG38B0
|h Other scheme
|i book
|k 1(1948)-22(1969)
|m 0124245
|